000 01642cam a2200313 i 4500
003 SA-RiAUC
005 20250913044850.0
008 250912s1991 su g 00000 ara c
040 _aSA-RiAUC
_bara
_cSA-RiAUC
_erda
082 0 4 _a252.2
_qSA-RiAUC
090 _a252.2
_bم ر ت
100 1 _aمرتضى الزبيدي، محمد بن محمد بن محمد،
_d1145-1205 هجري
_eمؤلف.
245 1 2 _aالرد على من أبى الحق وادعى أن الجهر بالبسملة من سنة سيد الخلق /
_cتصنيف أبي الفيض محمد بن محمد مرتضى الزبيدي ؛ حققه وعلق عليه وخرج أحاديثه أحمد الكويتي.
250 _aالطبعة الأولى.
264 1 _aالرياض :
_bدار الراية للنشر والتوزيع،
_c1991.
300 _a72 صفحة ؛
_c24 × 17 سم.
336 _aنص
_btxt
_2rdacontent
_3كتاب
337 _aبدون وسيط
_bn
_2rdamedia
338 _aمجلد
_bnc
_2rdacarrier
490 1 _aالحق أحق أن يتبع ؛
_v1
650 7 _aالبسملة (فقه إسلامي)
_2aucsh
650 7 _aالصلاة (فقه إسلامي)
_2aucsh
650 7 _aالعبادات (فقه إسلامي)
_2aucsh
700 1 2 _iتحقيق لـ :
_aمرتضى الزبيدي، محمد بن محمد بن محمد،
_d1145-1205 هجري.
_tالرد على من أبى الحق وادعى أن الجهر بالبسملة من سنة سيد الخلق
700 1 _aالكويتي، أحمد
_eمحقق.
856 4 _uhttp://10.0.0.80:218/60000000079516.pdf
942 _2ddc
_cBOOK
_n0
949 _aSA-JeALM
_d250912
_umohamedma123
_n1
999 _c11649
_d11649